[Event "Amagermesterskabet 2010"]
[Site "Sundbyoster"]
[Date "2010.09.29"]
[Round "5"]
[White "Tronning, Mark Philip"]
[Black "Moller, Arne Vagn"]
[Result "0-1"]
[WhiteElo "1384"]
[BlackElo "1826"]
[PlyCount "102"]
[EventDate "2010.??.??"]

1. e4 c5 2. Nf3 d6 3. d4 cxd4 4. Nxd4 Nf6 5. Nc3 a6 6. Be2 e6 7. Bg5 Be7 8. a4
Nc6 9. Nxc6 bxc6 10. O-O O-O 11. Kh1 Rb8 12. b3 h6 13. Bh4 Qa5 14. Qd3 Rd8 15.
f3 e5 16. Bf2 d5 17. exd5 cxd5 18. Nb1 d4 19. Nd2 Bb7 20. Nc4 Qc7 21. Qd1 Nd5
22. Bg3 f6 23. Qd2 Rbc8 24. Bd3 Bb4 25. Qf2 Ne7 26. Qe2 Bd5 27. Rac1 Re8 28.
Qf2 Rcd8 29. Qe2 Nc6 30. Qf2 Bf7 31. h3 Na5 32. Nxa5 Qxa5 33. Qe2 Rd6 34. Be1
Bxe1 35. Rfxe1 Qb6 36. Qf2 Rc8 37. f4 Rc5 38. fxe5 fxe5 39. Qf5 Bg6 40. Qf3
Bxd3 41. Qxd3 Qc6 42. Rf1 Rc3 43. Qf5 Rf6 44. Qxe5 Rxf1+ 45. Rxf1 Rxc2 46. Qg3
d3 47. Qb8+ Kh7 48. Qg3 d2 49. Qd3+ Qg6 50. Qf3 Rc1 51. Rd1 Qc2 0-1

[Event "Amagermesterskabet 2010"]
[Site "Sundbyoster"]
[Date "2010.10.12"]
[Round "6"]
[White "Aabling Thomsen, Jakob"]
[Black "Brorsen, Jacob Abildlund"]
[Result "0-1"]
[WhiteElo "2326"]
[BlackElo "2018"]
[PlyCount "125"]
[EventDate "2010.??.??"]

1. e4 e5 2. Nf3 Nc6 3. d4 exd4 4. Nxd4 Bc5 5. Nb3 Bb6 6. Nc3 d6 7. Qe2 Nf6 8.
Bg5 h6 9. Bh4 g5 10. Bg3 Qe7 11. O-O-O Bd7 12. f3 O-O-O 13. Qd2 a6 14. Bd3 d5
15. Rhe1 dxe4 16. Nxe4 Nxe4 17. Bxe4 Qf6 18. Kb1 Bf5 19. Qc3 Qg6 20. Rd3 Rhe8
21. Bxf5+ Qxf5 22. Rxd8+ Rxd8 23. a3 h5 24. h3 Qd5 25. Qf6 a5 26. h4 a4 27. Nc1
Ba5 28. Rg1 Qc5 29. Rf1 Rd2 30. Qh8+ Nd8 31. Qh7 f5 32. Ka1 Qxc2 33. Be5 gxh4
34. Qxh5 Rxg2 35. Qxh4 Bd2 36. Qh1 Be3 37. Rd1 b6 38. Qf1 Nc6 39. Qa6+ Kb8 40.
Rh1 Rg8 41. Nd3 Rd8 42. Rh8 Rxh8 43. Bxh8 Na5 44. Ne5 Qd1+ 45. Ka2 Qd5+ 46. Kb1
Bf4 47. Qe2 Kb7 48. Nd3 Bd6 49. Be5 Bxe5 50. Nxe5 Nb3 51. Nd3 Qd4 52. Qd1 Kc6
53. Qe2 Qg1+ 54. Ne1 Kb7 55. Qe5 Qf1 56. Qd5+ Ka7 57. Qd1 Qc4 58. Nc2 Qf4 59.
Nb4 Qxf3 60. Qg1 Qe4+ 61. Ka2 f4 62. Nd3 Na5 63. Qg7 0-1

[Event "Amagermesterskabet 2010"]
[Site "Sundbyoster"]
[Date "2010.10.05"]
[Round "6"]
[White "Andreasen, Rene"]
[Black "Haagen Larsen, Hans"]
[Result "1/2-1/2"]
[WhiteElo "1798"]
[BlackElo "1593"]
[PlyCount "99"]
[EventDate "2010.??.??"]

1. d4 d6 2. e4 g6 3. Nf3 Bg7 4. c3 Nc6 5. Nbd2 e5 6. Nb3 f5 7. Bg5 Nf6 8. dxe5
dxe5 9. Qxd8+ Nxd8 10. exf5 e4 11. Nfd4 gxf5 12. h3 c6 13. O-O-O Be6 14. Nxe6
Nxe6 15. Bh4 a5 16. Nd4 Nxd4 17. Rxd4 Nd7 18. Rd1 a4 19. Bc4 Nb6 20. Be6 a3 21.
b3 Bxc3 22. Bxf5 O-O 23. Bxe4 Rf4 24. Bd8 Na4 25. f3 Bb2+ 26. Kc2 Nc3 27. Bg5
Rf7 28. Rd8+ Rxd8 29. Bxd8 Nxa2 30. Ba5 c5 31. Bd5 b5 32. Bxf7+ Kxf7 33. Kb1
Nc3+ 34. Bxc3 Bxc3 35. Rd1 b4 36. Rd5 Bd4 37. g4 h6 38. Rd6 Kg7 39. Ra6 Be3 40.
Kc2 Kh7 41. Kd3 Bd4 42. f4 Kg7 43. Kc4 Be3 44. f5 Bd4 45. Kd5 Be3 46. Kc4 Bd4
47. Kd3 Kh7 48. Kc2 Kg7 49. Kd3 Kh7 50. Kc2 1/2-1/2

[Event "Amagermesterskabet 2010"]
[Site "Sundbyoster"]
[Date "2010.10.05"]
[Round "6"]
[White "Dupont, Michael Kim"]
[Black "Svensson, John Michael"]
[Result "0-1"]
[WhiteElo "1195"]
[BlackElo "1440"]
[PlyCount "64"]
[EventDate "2010.??.??"]

1. e4 d5 2. exd5 Qxd5 3. Nc3 Qa5 4. Nf3 Nf6 5. Bc4 e6 6. d4 c6 7. a3 Nbd7 8.
Qe2 Nb6 9. Ba2 Nbd5 10. Bd2 Qd8 11. Nd1 Be7 12. O-O O-O 13. Ne3 Nf4 14. Qd1 Qc7
15. Ne5 b6 16. N3g4 Ng6 17. Nxg6 hxg6 18. Nxf6+ gxf6 19. Bh6 Rd8 20. c3 c5 21.
Qd3 f5 22. Be3 Kg7 23. Rad1 Bb7 24. f3 Rh8 25. Kf2 a5 26. d5 Rad8 27. c4 Qxh2
28. Qb3 Bh4+ 29. Ke2 Qxg2+ 30. Bf2 Rd6 31. dxe6 Rxd1 32. Qxd1 Bxf3+ 0-1

[Event "Amagermesterskabet 2010"]
[Site "Sundbyoster"]
[Date "2010.10.06"]
[Round "6"]
[White "Hansen, Benny"]
[Black "Tronning, Mark Philip"]
[Result "1-0"]
[WhiteElo "1342"]
[BlackElo "1384"]
[PlyCount "101"]
[EventDate "2010.??.??"]

1. e4 c5 2. Nf3 d6 3. d4 cxd4 4. Nxd4 Nf6 5. Nc3 a6 6. Be2 e5 7. Nb3 Be7 8. Be3
Be6 9. Qd2 O-O 10. h3 b5 11. Qd3 Nbd7 12. g4 Rc8 13. g5 Ne8 14. f4 Bc4 15. Qd2
exf4 16. Bxf4 Qc7 17. O-O-O b4 18. Nd5 Bxd5 19. exd5 a5 20. Bd3 a4 21. Nd4 Nc5
22. Qxb4 Rb8 23. Qa3 Nxd3+ 24. Qxd3 Qb7 25. Qa3 Rc8 26. Qd3 Qxd5 27. Nf5 Qb7
28. Rhe1 Rc7 29. Qd4 f6 30. Nxe7+ Rxe7 31. gxf6 Rxe1 32. Rxe1 Nxf6 33. Bxd6 Rd8
34. Qc4+ Nd5 35. Qxa4 Kf7 36. Qe4 Rxd6 37. Qe8+ Kf6 38. Rf1+ Kg5 39. Qe5+ Kh4
40. Qe4+ Kh5 41. Rg1 g6 42. Qe5+ Kh6 43. Qxd6 Qa7 44. Qf8+ Kh5 45. Qf3+ Kh6 46.
Rd1 Qxa2 47. Qxd5 Qa1+ 48. Kd2 Qxb2 49. Qd3 Qb4+ 50. Ke2 Qe7+ 51. Qe3+ 1-0

[Event "Amagermesterskabet 2010"]
[Site "Sundbyoster"]
[Date "2010.10.05"]
[Round "6"]
[White "Larsen, Kim"]
[Black "Larsen, Ulrik Jejlskov"]
[Result "0-1"]
[WhiteElo "1633"]
[BlackElo "1526"]
[PlyCount "65"]
[EventDate "2010.??.??"]

1. e4 d5 2. exd5 Qxd5 3. Nc3 Qa5 4. d4 Nf6 5. Bc4 Bf5 6. Bd2 c6 7. Nf3 e6 8.
Nh4 Bg6 9. Nd5 Qd8 10. Nxf6+ Qxf6 11. Nf3 h6 12. Ne5 Be4 13. f3 Bd5 14. Bxd5
cxd5 15. Bc3 Bd6 16. Qe2 Nc6 17. Qb5 O-O 18. Qxb7 Nxe5 19. dxe5 Bxe5 20. O-O
Bxc3 21. bxc3 Rfb8 22. Qa6 Qxc3 23. Qd3 Qc5+ 24. Kh1 Rb2 25. Rfc1 Rc8 26. c3
Qf2 27. Rg1 Qc2 28. Qa6 Qxc3 29. h4 d4 30. Rac1 Rc2 31. Rcd1 Qc4 32. Qxa7 d3
33. Kh2 0-1

[Event "Amagermesterskabet 2010"]
[Site "Sundbyoster"]
[Date "2010.10.05"]
[Round "6"]
[White "Moller, Arne Vagn"]
[Black "Jensen, Thore Nyboe"]
[Result "0-1"]
[WhiteElo "1826"]
[BlackElo "1965"]
[PlyCount "62"]
[EventDate "2010.??.??"]

1. e4 c5 2. Nf3 d6 3. d4 cxd4 4. Nxd4 Nf6 5. Nc3 e6 6. Be2 Be7 7. O-O a6 8. a4
O-O 9. Be3 Qc7 10. f4 Nc6 11. Nb3 b6 12. Qe1 Nd7 13. Bg4 Bf6 14. Bd2 Nc5 15.
Nxc5 bxc5 16. Kh1 Nd4 17. Rc1 Bd7 18. b3 c4 19. e5 dxe5 20. Ne4 Be7 21. fxe5
Qxe5 22. Bf4 Qd5 23. Nc3 Qa5 24. Be5 Nc6 25. Bg3 Bb4 26. Rf3 f5 27. Bh3 Nd4 28.
Re3 f4 29. Bxf4 Rxf4 30. Qg3 Raf8 31. Kg1 Bxc3 0-1

[Event "Amagermesterskabet 2010"]
[Site "Sundbyoster"]
[Date "2010.10.05"]
[Round "6"]
[White "Mollmann, Erik"]
[Black "Friis, Jordy"]
[Result "1/2-1/2"]
[WhiteElo "1528"]
[BlackElo "1469"]
[PlyCount "87"]
[EventDate "2010.??.??"]

1. d4 d5 2. Bf4 c6 3. Nd2 f5 4. Ngf3 e6 5. e3 Nf6 6. Be2 Bd6 7. Ne5 O-O 8. O-O
b6 9. c4 Bb7 10. Rc1 Qe7 11. a3 Ne4 12. b4 Bxe5 13. Bxe5 Nd7 14. f4 Nxe5 15.
fxe5 Qg5 16. Rf4 Qh6 17. Nxe4 fxe4 18. Qf1 Rxf4 19. Qxf4 Qxf4 20. exf4 Kf7 21.
cxd5 exd5 22. b5 Rc8 23. h3 c5 24. Bg4 Rc7 25. Kf2 Bc8 26. f5 a6 27. a4 axb5
28. axb5 Ke7 29. e6 g6 30. dxc5 bxc5 31. b6 Rc6 32. Rb1 Bb7 33. Kg3 gxf5 34.
Bxf5 c4 35. Rb5 Rc8 36. Kf4 c3 37. Rb1 c2 38. Rc1 Rc4 39. Ke5 h6 40. h4 e3 41.
Bd3 Rc6 42. Kd4 Kxe6 43. Kxe3 Rxb6 44. Rxc2 1/2-1/2

[Event "Amagermesterskabet 2010"]
[Site "Sundbyoster"]
[Date "2010.10.12"]
[Round "6"]
[White "Madsen, Poul Henrik"]
[Black "Nielsen, Mogens Bach"]
[Result "1-0"]
[WhiteElo "2095"]
[BlackElo "1862"]
[PlyCount "75"]
[EventDate "2010.??.??"]

1. d4 d5 2. Nf3 c6 3. e3 Bf5 4. c4 e6 5. Nc3 Nd7 6. cxd5 exd5 7. Be2 Bd6 8. O-O
h6 9. a3 a5 10. Bd3 Bxd3 11. Qxd3 Ngf6 12. Rb1 O-O 13. b4 axb4 14. axb4 Re8 15.
b5 Ne4 16. Nd2 Ndf6 17. Ndxe4 Nxe4 18. Nxe4 dxe4 19. Qc4 Qc7 20. g3 cxb5 21.
Qxb5 Re7 22. Bd2 Qc6 23. Qxc6 bxc6 24. Rfc1 Ra6 25. Bb4 Bxb4 26. Rxb4 g6 27. g4
Re6 28. Kg2 Kg7 29. h4 g5 30. h5 Rf6 31. Rc2 Re6 32. Rb8 Re7 33. Rc8 Re6 34.
Rb2 Ra3 35. Rbb8 Ra2 36. Rg8+ Kf6 37. Rh8 Ke7 38. Rb7+ 1-0

[Event "Amagermesterskabet 2010"]
[Site "Sundbyoster"]
[Date "2010.10.05"]
[Round "6"]
[White "Nielsen, Bjorn"]
[Black "Gade, Jens"]
[Result "1-0"]
[WhiteElo "1050"]
[BlackElo "1255"]
[PlyCount "51"]
[EventDate "2010.??.??"]

1. e4 c5 2. Nf3 Nc6 3. Nc3 Nf6 4. d4 cxd4 5. Nxd4 d6 6. Bb5 Bd7 7. Nxc6 bxc6 8.
Bd3 e5 9. O-O Be7 10. Rb1 O-O 11. Be3 Ng4 12. Bd2 Bg5 13. h3 Bxd2 14. Qxd2 Nf6
15. Rfe1 Qc8 16. Re3 Nh5 17. Be2 Nf4 18. Rg3 Rb8 19. Bg4 Bxg4 20. Rxg4 Qe6 21.
a3 Rbd8 22. Qe3 f5 23. exf5 Qxf5 24. Rc1 d5 25. Qxa7 Ra8 26. Qxg7# 1-0

[Event "Amagermesterskabet 2010"]
[Site "Sundbyoster"]
[Date "2010.10.05"]
[Round "6"]
[White "Varming, Thomas"]
[Black "Andersen, Henrik Hauge"]
[Result "1-0"]
[WhiteElo "1758"]
[BlackElo "1821"]
[PlyCount "69"]
[EventDate "2010.??.??"]

1. d4 d5 2. Nf3 Nf6 3. c4 e6 4. Nc3 c6 5. Bg5 Nbd7 6. cxd5 exd5 7. e3 Bd6 8.
Bd3 O-O 9. O-O Re8 10. e4 dxe4 11. Nxe4 h6 12. Nxd6 hxg5 13. Nxe8 Nxe8 14. Qd2
g4 15. Ng5 Ndf6 16. Rfe1 Nc7 17. Qc2 Nfd5 18. Bh7+ Kf8 19. Qc5+ Ne7 20. Bc2 Ne6
21. Nxe6+ Bxe6 22. Re2 Kg8 23. Qh5 Qxd4 24. Rae1 g6 25. Qg5 Nf5 26. Bxf5 Bxf5
27. Qd2 Qf6 28. Qb4 b6 29. Re8+ Rxe8 30. Rxe8+ Kg7 31. Qf8+ Kh7 32. Qg8+ Kh6
33. Qh8+ Kg5 34. h4+ gxh3 35. f4+ 1-0

[Event "Amagermesterskabet 2010"]
[Site "Sundbyoster"]
[Date "2010.10.16"]
[Round "7"]
[White "Andersen, Henrik Hauge"]
[Black "Friis, Jordy"]
[Result "1-0"]
[WhiteElo "1821"]
[BlackElo "1469"]
[PlyCount "43"]
[EventDate "2010.??.??"]

1. d4 c6 2. e4 d5 3. e5 Bf5 4. h4 Qb6 5. g4 Bd7 6. Nc3 e6 7. Nge2 c5 8. Be3 Nc6
9. dxc5 Bxc5 10. Bxc5 Qxc5 11. f4 Nge7 12. Qd2 b5 13. O-O-O Rd8 14. Ng3 a6 15.
Kb1 Nc8 16. Nh5 Kf8 17. f5 exf5 18. Qg5 Rg8 19. gxf5 Qe7 20. f6 gxf6 21. Qh6+
Ke8 22. Nxf6+ 1-0

[Event "Amagermesterskabet 2010"]
[Site "Sundbyoster"]
[Date "2010.10.19"]
[Round "7"]
[White "Andreasen, Rene"]
[Black "Svensson, John Michael"]
[Result "1-0"]
[WhiteElo "1798"]
[BlackElo "1440"]
[PlyCount "59"]
[EventDate "2010.??.??"]

1. d4 Nf6 2. Nf3 c5 3. e3 e6 4. Bd3 Nc6 5. Nbd2 cxd4 6. exd4 Be7 7. c3 b6 8.
O-O h6 9. Qe2 Nd5 10. Ne4 Qc7 11. Bb1 Nf4 12. Qc2 Ba6 13. Rd1 Rc8 14. Bxf4 Qxf4
15. a3 d5 16. Ng3 g6 17. Qa4 Bb7 18. Ne5 O-O 19. Nxc6 Rxc6 20. Qxa7 Qc7 21. Qa4
Ra8 22. Qb3 Rd8 23. Bd3 e5 24. dxe5 Qxe5 25. Re1 Qf6 26. Re2 Kg7 27. Bb5 Re6
28. Rd1 Bc5 29. Qc2 Rxe2 30. Qxe2 1-0

[Event "Amagermesterskabet 2010"]
[Site "Sundbyoster"]
[Date "2010.10.19"]
[Round "7"]
[White "Dupont, Michael Kim"]
[Black "Larsen, Kim"]
[Result "0-1"]
[WhiteElo "1195"]
[BlackElo "1633"]
[PlyCount "38"]
[EventDate "2010.??.??"]

1. e4 c5 2. Nf3 Nc6 3. d4 cxd4 4. Nxd4 Nf6 5. Nc3 e5 6. Nb3 Bb4 7. Bd3 Bxc3+ 8.
bxc3 d5 9. Qe2 Qc7 10. Bd2 dxe4 11. Bxe4 Nxe4 12. Qxe4 O-O 13. O-O b6 14. f4
Bb7 15. f5 f6 16. Qg4 Nb8 17. Bh6 Na6 18. Nd2 Rf7 19. Nc4 Rc8 0-1

[Event "Amagermesterskabet 2010"]
[Site "Sundbyoster"]
[Date "2010.10.19"]
[Round "7"]
[White "Gade, Jens"]
[Black "Tronning, Mark Philip"]
[Result "0-1"]
[WhiteElo "1255"]
[BlackElo "1384"]
[PlyCount "60"]
[EventDate "2010.??.??"]

1. f4 d5 2. Nf3 Bg4 3. e3 Nf6 4. Be2 e6 5. O-O Bd6 6. b3 c5 7. Bb2 Nbd7 8. d3
Qc7 9. Nc3 a6 10. g3 Bxf3 11. Bxf3 d4 12. exd4 cxd4 13. Ne4 Nxe4 14. Bxe4 e5
15. fxe5 Bxe5 16. Ba3 Nf6 17. Bg2 h5 18. Qe2 Ng4 19. Rac1 Ne3 20. Rf3 h4 21.
Rxe3 dxe3 22. Qxe3 hxg3 23. hxg3 O-O-O 24. Bc5 Rde8 25. Bb6 Qd6 26. Re1 Re6 27.
Qc5+ Qxc5+ 28. Bxc5 Bd4+ 29. Bxd4 Rxe1+ 30. Kf2 Rc1 0-1

[Event "Amagermesterskabet 2010"]
[Site "Sundbyoster"]
[Date "2010.10.19"]
[Round "7"]
[White "Hansen, Benny"]
[Black "Jensen, Simon Stibolt"]
[Result "0-1"]
[WhiteElo "1342"]
[BlackElo "1250"]
[PlyCount "32"]
[EventDate "2010.??.??"]

1. e4 c5 2. Nf3 Nc6 3. d4 cxd4 4. Nxd4 e5 5. Nb3 Nf6 6. Nc3 Bb4 7. f3 d6 8. Bc4
Be6 9. Qd3 O-O 10. Be3 h6 11. O-O-O Bxc3 12. Qxc3 Qe7 13. g4 Nh7 14. h4 Rac8
15. Bxe6 Nd4 16. Bxc8 Ne2+ 0-1

[Event "Amagermesterskabet 2010"]
[Site "Sundbyoster"]
[Date "2010.10.15"]
[Round "7"]
[White "Jensen, Thore Nyboe"]
[Black "Brorsen, Jacob Abildlund"]
[Result "0-1"]
[WhiteElo "1965"]
[BlackElo "2018"]
[PlyCount "96"]
[EventDate "2010.??.??"]

1. e4 e5 2. Nf3 Nc6 3. Bc4 Be7 4. d4 d6 5. O-O Bg4 6. c3 Nf6 7. Re1 O-O 8. d5
Nb8 9. Nbd2 Nbd7 10. h3 Bh5 11. b4 c6 12. Bb3 a5 13. a4 Qc7 14. Bb2 Rfd8 15.
Nc4 cxd5 16. exd5 b6 17. Na3 Nb8 18. g4 Bg6 19. Nh4 Na6 20. Nxg6 hxg6 21. Qd2
Nh7 22. Nb5 Qd7 23. Re2 Bh4 24. Kg2 Qe7 25. f3 Qf6 26. Rf1 Bg5 27. Qe1 axb4 28.
cxb4 Qf4 29. Re4 Qd2+ 30. Rf2 Qxe1 31. Rxe1 Bh4 32. Rc1 Bxf2 33. Kxf2 Nxb4 34.
Ke3 Nf6 35. Rd1 Na6 36. Ba3 Nc5 37. Bc2 Ne8 38. Nc3 Rdc8 39. Kd2 Nc7 40. Rb1
Rcb8 41. Bb4 Kf8 42. Re1 g5 43. Rh1 Ke7 44. h4 gxh4 45. Rxh4 Rh8 46. Rxh8 Rxh8
47. Bd1 Rh2+ 48. Be2 N7a6 0-1

[Event "Amagermesterskabet 2010"]
[Site "Sundbyoster"]
[Date "2010.10.19"]
[Round "7"]
[White "Justesen, Martin"]
[Black "Varming, Thomas"]
[Result "0-1"]
[WhiteElo "1586"]
[BlackElo "1758"]
[PlyCount "62"]
[EventDate "2010.??.??"]

1. e4 c6 2. d4 d5 3. Nc3 dxe4 4. Nxe4 Nf6 5. Ng3 h5 6. h4 Bg4 7. Be2 Qc7 8.
Bxg4 Nxg4 9. N1e2 Nd7 10. Qd3 O-O-O 11. Qf5 Ngf6 12. Bg5 e6 13. Qf3 Bd6 14. Ne4
Rde8 15. Bxf6 Nxf6 16. Nxf6 gxf6 17. Qxf6 Rhg8 18. Qf3 Qa5+ 19. c3 e5 20. Qxh5
Qd5 21. Qf3 e4 22. Qh3+ Kb8 23. b3 f5 24. O-O-O f4 25. c4 Qa5 26. a4 e3 27. c5
exf2 28. Qf3 Re3 29. Qxf2 Bc7 30. Qe1 Qa6 31. Kc2 Rxe2+ 0-1

[Event "Amagermesterskabet 2010"]
[Site "Sundbyoster"]
[Date "2010.10.11"]
[Round "7"]
[White "Haagen Larsen, Hans"]
[Black "Nielsen, Bjorn"]
[Result "1-0"]
[WhiteElo "1593"]
[BlackElo "1050"]
[PlyCount "89"]
[EventDate "2010.??.??"]

1. d4 d5 2. Nf3 Nf6 3. Bf4 Bf5 4. e3 h6 5. Bd3 Bg4 6. Nbd2 Nc6 7. c3 e6 8. Qb3
Bxf3 9. Nxf3 Rb8 10. h3 Be7 11. a4 a6 12. O-O O-O 13. Rfc1 Na5 14. Qa2 b6 15.
Bxa6 Nb7 16. c4 dxc4 17. Bxc4 Nd6 18. Be2 Nfe4 19. b4 b5 20. a5 Nc4 21. a6 Bxb4
22. Bxc4 bxc4 23. Qxc4 Bd6 24. Ne5 Bxe5 25. Bxe5 Nd6 26. Qxc7 Qxc7 27. Rxc7 Rb6
28. a7 Ra8 29. Rd7 Nc8 30. Rd8+ Kh7 31. Rxc8 f6 32. Bb8 Rb7 33. Rac1 Rb2 34.
R1c2 Rb1+ 35. Kh2 Kg6 36. e4 Kg5 37. f4+ Kg6 38. R8c7 Rb4 39. Rd7 e5 40. f5+
Kh7 41. dxe5 fxe5 42. Rcc7 Rxe4 43. Rxg7+ Kh8 44. Rge7 h5 45. Re8# 1-0

[Event "Amagermesterskabet 2010"]
[Site "Sundbyoster"]
[Date "2010.10.16"]
[Round "7"]
[White "Lunding, Peter M"]
[Black "Madsen, Poul Henrik"]
[Result "1/2-1/2"]
[WhiteElo "1915"]
[BlackElo "2095"]
[PlyCount "50"]
[EventDate "2010.??.??"]

1. d4 Nf6 2. Nf3 g6 3. Bg5 Bg7 4. Nbd2 d6 5. e4 h6 6. Be3 Ng4 7. c3 Nxe3 8.
fxe3 O-O 9. Bc4 c6 10. Qe2 b5 11. Bd3 a5 12. O-O a4 13. a3 Qb6 14. Rf2 Ba6 15.
Raf1 c5 16. Nh4 Nd7 17. Rxf7 Rxf7 18. Rxf7 Kxf7 19. e5 Nf8 20. Qf3+ Kg8 21.
Qxa8 cxd4 22. Qd5+ e6 23. Qxd4 Qxd4 24. exd4 dxe5 25. dxe5 Kf7 1/2-1/2

[Event "Amagermesterskabet 2010"]
[Site "Sundbyoster"]
[Date "2010.10.19"]
[Round "7"]
[White "Mollmann, Erik"]
[Black "Nielsen, Mogens Bach"]
[Result "1/2-1/2"]
[WhiteElo "1528"]
[BlackElo "1862"]
[PlyCount "66"]
[EventDate "2010.??.??"]

1. d4 d5 2. Bf4 c6 3. e3 Bf5 4. Bd3 e6 5. Bxf5 exf5 6. Nf3 Nf6 7. c3 Qb6 8. Qc2
g6 9. Nbd2 Na6 10. O-O Bg7 11. Rfe1 O-O 12. h3 Ne4 13. Ne5 Qd8 14. f3 Nxd2 15.
Qxd2 Re8 16. Qf2 f6 17. Nd3 h5 18. h4 Kh7 19. Re2 Nc7 20. Rae1 Ne6 21. Bh2 Qd7
22. e4 fxe4 23. fxe4 dxe4 24. Rxe4 f5 25. R4e2 b6 26. Qf3 Bxd4+ 27. Kh1 Bf6 28.
Ne5 Bxe5 29. Rxe5 Nc5 30. Rd1 Qc8 31. Rde1 Ne4 32. R5xe4 fxe4 33. Qf7+ Kh8
1/2-1/2

[Event "Amagermesterskabet 2010"]
[Site "Sundbyoster"]
[Date "2010.10.19"]
[Round "7"]
[White "Petersen, Nils"]
[Black "Aabling Thomsen, Jakob"]
[Result "0-1"]
[WhiteElo "2039"]
[BlackElo "2326"]
[PlyCount "58"]
[EventDate "2010.??.??"]

1. c4 e5 2. g3 Nf6 3. Bg2 Nc6 4. Nc3 Bb4 5. Nd5 Bc5 6. e3 O-O 7. Ne2 Nxd5 8.
cxd5 Ne7 9. O-O d6 10. d4 Bb6 11. b3 Ng6 12. Bb2 f5 13. dxe5 dxe5 14. Kh1 f4
15. exf4 exf4 16. Nd4 Qg5 17. Nf3 Qh6 18. Ng1 Bd7 19. Bd4 Rf5 20. Bf3 Ne5 21.
Bxe5 Rxe5 22. Qd2 Rf8 23. Rae1 Rxe1 24. Qxe1 Bb5 25. Be2 fxg3 26. fxg3 Re8 27.
Bxb5 Rxe1 28. Rxe1 Bxg1 29. Kxg1 Qb6+ 0-1